Tribunal Superior de Justicia de la Ciudad Autn̤oma de Buenos Aires

Detalles Bibliográficos
Formato: Desconocido
Lenguaje:español
Publicado: [Buenos Aires, Argentina] : [s.n.]
Materias:
Acceso en línea:Acceso restringido

MARC

LEADER 00000ny a22000003n 4500
005 20110510123246.0
008 100414c19999999ag zr 0 b spa
035 |a 2048 
040 |a BUS  |d vLex 
090 |c 1521  |d 1521 
245 3 0 |a Tribunal Superior de Justicia de la Ciudad Autn̤oma de Buenos Aires  |h [Recurso electrn̤ico] 
256 |a Servicio en ln̕ea 
260 |a [Buenos Aires, Argentina] :  |b [s.n.] 
650 0 4 |a Tribunales Superiores de Justicia  |z Amřica Latina  |x Publicaciones perid̤icas 
650 0 4 |a Tribunales supremos  |z Amřica Latina  |x Publicaciones perid̤icas 
740 0 |a vLex Revista (Servicios en ln̕ea) 
843 |a Electrn̤ica. Abierta 
853 |8 1  |i (year)  |j (month)  |k (day) 
856 4 0 |z Acceso restringido  |u http://vlex.com/source/tribunal-superior-justicia-ciudad-autonoma-buenos-aires-2048 
942 |c REV